000 00352pam a2200157a 44500
008 230515b2008 xxu||||| |||| 00| 0 eng d
020 _aNULL
041 _aENGLISH
082 _a0
100 _aBADRI RAM
245 _aADVANCED MICROPROCESSORS AND INTERFACING
250 _a0
260 _a
_bTATA MC GRAW
_c2008
300 _a388
650 _aNULL
999 _c591687
_d591687